[Event "European Cities & Towns Chess Championship - Women"]
[Site "Central Europe"]
[Date "2023.01.29"]
[Round "7.5.1"]
[White "Tsapaki, Asimenia"]
[Black "Caku, Kler"]
[Result "0-1"]
[WhiteElo "1498"]
[BlackElo "1656"]
[BlackCountry "AL"]
[BlackFideId "4704703"]
[BlackTeam "TEUTA - Durres Albania"]
[WhiteCountry "GR"]
[WhiteFideId "25845365"]
[WhiteTeam "Heraklion Women"]

1. e4 e5 2. Nf3 Nc6 3. d4 exd4 4. Bc4 Be7 5. Nxd4 d6 6. Be3 Nf6 7. Nc3 O-O
8. O-O a6 9. Bb3 Nxd4 10. Bxd4 b5 11. Nd5 Bb7 12. Re1 Nxd5 13. Bxd5 c6 14.
 Bb3 c5 15. Bd5 Bxd5 16. Bxg7 Kxg7 17. exd5 Bf6 18. c3 Qd7 19. Re3 Kh8 20.
 Rh3 Rg8 21. Qh5 Rg7 22. Rf3 Be5 23. Re1 Rag8 24. g3 a5 25. Re4 b4 26. Rh4
bxc3 27. bxc3 Qb7 28. c4 Qb1+ 29. Kg2 Qg6 30. Qxg6 fxg6 31. Ra3 Ra8 32. 
Re4 Re7 33. Rae3 Rae8 34. Ra3 Bd4 35. Rf4 Ra8 36. h4 Kg7 37. Raf3 Rb8 38. 
g4 Rb2 39. a3 a4 40. g5 Rb3 41. Kg3 Rxf3+ 42. Kxf3 Rf7 43. Rxf7+ Kxf7 44. 
Ke4 Bb2 45. f4 Bxa3 46. f5 Bb2 47. h5 gxh5 48. f6 Bxf6 49. gxf6 Kxf6 50. 
Kf4 a3 51. Kg3 a2 52. Kh4 a1=Q 53. Kxh5 Qd4 54. Kh6 Qh4# 0-1

[Event "European Cities & Towns Chess Championship - Women"]
[Site "Central Europe"]
[Date "2023.01.29"]
[Round "7.5.2"]
[White "Paja, Valdete"]
[Black "Kontogianni, Vasiliki (Vivian)"]
[Result "0-1"]
[WhiteElo "1257"]
[BlackElo "1442"]
[BlackCountry "GR"]
[BlackFideId "42106672"]
[BlackTeam "Heraklion Women"]
[WhiteCountry "AL"]
[WhiteFideId "4707761"]
[WhiteTeam "TEUTA - Durres Albania"]

1. d4 Nf6 2. h3 e6 3. a3 d5 4. Nc3 c5 5. dxc5 Bxc5 6. e3 a6 7. b4 Bd6 8. 
Nf3 Bd7 9. Bb2 Nc6 10. Be2 O-O 11. Nd4 Nxd4 12. exd4 Rc8 13. O-O Bb8 14. 
Bf3 Qc7 15. Qd3 Qh2# 0-1

[Event "European Cities & Towns Chess Championship - Women"]
[Site "Central Europe"]
[Date "2023.01.29"]
[Round "7.5.3"]
[White "Varveraki, Argiri"]
[Black "Ndreko, Ailin"]
[Result "1/2-1/2"]
[WhiteElo "1404"]
[BlackElo "1256"]
[BlackCountry "AL"]
[BlackFideId "4705807"]
[BlackTeam "TEUTA - Durres Albania"]
[WhiteCountry "GR"]
[WhiteFideId "4217667"]
[WhiteTeam "Heraklion Women"]

1. e4 e5 2. Nf3 Nc6 3. Nc3 Nf6 4. d4 exd4 5. Nxd4 Bb4 6. Nxc6 bxc6 7. Bd3 
d5 8. exd5 Nxd5 9. Bd2 Bxc3 10. bxc3 O-O 11. O-O Qf6 12. c4 Nf4 13. Qf3 
Ng6 14. Qxf6 gxf6 15. Ba5 Ne5 16. Bxc7 Nxd3 17. cxd3 Bf5 18. d4 Rac8 19. 
Bd6 Rfd8 20. c5 Rd7 21. Rfe1 Be6 22. a4 Kg7 23. Rab1 a6 24. Rb6 Ra7 25. a5
Raa8 26. h3 Kg6 27. g4 f5 28. f3 fxg4 29. fxg4 h5 30. gxh5+ Kxh5 31. Re3 
Kh4 32. Kh2 Bd5 33. Rb7 Rg8 34. Rg3 Bc4 35. Rb6 Bb5 36. Rb7 Bc4 37. Rf3 
Bd5 38. Rf4+ Kh5 39. Rb6 Rg2+ 40. Kh1 Rg3+ 41. Kh2 Rg2+ 42. Kh1 Rg3+ 43. 
Kh2 Rg2+ 1/2-1/2

[Event "European Cities & Towns Chess Championship - Women"]
[Site "Central Europe"]
[Date "2023.01.29"]
[Round "7.6.1"]
[White "Gkoutzouki, Aikaterini Argyro"]
[Black "Pica, Eleni"]
[Result "1-0"]
[WhiteElo "1742"]
[BlackElo "1048"]
[BlackCountry "CY"]
[BlackFideId "5910005"]
[BlackTeam "Nicosia"]
[WhiteCountry "GR"]
[WhiteFideId "25838105"]
[WhiteTeam "Corfu, Greece"]

1. d4 d5 2. c4 e6 3. Nf3 Nf6 4. Nc3 Be7 5. Bg5 O-O 6. e3 h6 7. Bh4 c6 8. 
Rc1 Nfd7 9. Bxe7 Qxe7 10. Bd3 dxc4 11. Bxc4 Qb4 12. Qe2 Nf6 13. O-O Nbd7 
14. a3 Qd6 15. e4 e5 16. d5 cxd5 17. exd5 Re8 18. Nb5 Qb8 19. d6 a6 20. 
Nc7 e4 21. Nxe8 exf3 22. Nxf6+ Nxf6 23. Qxf3 Qxd6 24. Rfd1 Qe7 25. h3 Rb8 
26. Qf4 Ra8 27. Re1 Qd7 28. Ba2 Qb5 29. Rc7 Nd5 30. Qxf7+ Kh7 31. Qxg7# 
1-0

[Event "European Cities & Towns Chess Championship - Women"]
[Site "Central Europe"]
[Date "2023.01.29"]
[Round "7.6.2"]
[White "Antoniou, Evalena"]
[Black "Sklavounou, Kalliopi"]
[Result "0-1"]
[WhiteElo "1000"]
[BlackElo "1375"]
[BlackCountry "GR"]
[BlackFideId "25839250"]
[BlackTeam "Corfu, Greece"]
[WhiteCountry "CY"]
[WhiteFideId "5908744"]
[WhiteTeam "Nicosia"]

1. e4 c5 2. Nf3 d6 3. Nc3 Nf6 4. Bc4 e6 5. d3 Nc6 6. Bg5 Be7 7. O-O O-O 8.
 Qe2 Na5 9. Bb5 a6 10. Ba4 b5 11. Bb3 Nxb3 12. axb3 d5 13. exd5 Nxd5 14. 
Ne4 h6 15. Bh4 Bxh4 16. g3 Be7 17. d4 cxd4 18. Nxd4 Qb6 19. c3 b4 20. Nf3 
bxc3 21. bxc3 f5 22. Ned2 Nxc3 23. Qd3 Bf6 24. Nc4 Qc6 25. Na5 Qb5 26. Qd6
Rd8 27. Qf4 Bg5 28. Nxg5 hxg5 29. Qxg5 Bb7 30. Nxb7 Qxb7 31. Qe3 Nd5 32. 
Qg5 Nc3 33. h4 Ne2+ 34. Kh2 Nd4 35. Rad1 Nf3+ 36. Kg2 Nxg5+ 37. Kg1 Rxd1 
38. Rxd1 Nh3+ 39. Kh2 Nxf2 40. Rf1 Qf3 41. Kg1 Qxg3# 0-1

[Event "European Cities & Towns Chess Championship - Women"]
[Site "Central Europe"]
[Date "2023.01.29"]
[Round "7.6.3"]
[White "Sklavounou, Iliana"]
[Black "Drakoularakou, Evangelia"]
[Result "1-0"]
[WhiteElo "1296"]
[BlackElo "1000"]
[BlackTeam "Nicosia"]
[WhiteCountry "GR"]
[WhiteFideId "25829238"]
[WhiteTeam "Corfu, Greece"]

1. e4 e5 2. Nf3 Nc6 3. Bc4 Nf6 4. d3 Na5 5. Nxe5 Nxc4 6. Nxc4 d5 7. exd5 
Nxd5 8. O-O h5 9. Qe2+ Be7 10. Nbd2 O-O 11. Qxh5 g6 12. Qf3 Kg7 13. Ne4 f5
14. Ng3 f4 15. Ne4 Bg5 16. Nxg5 Qxg5 17. b3 b5 18. Bb2+ Kf7 19. Ne5+ Ke6 
20. Rfe1 Kd6 21. Ba3+ Ke6 22. Bxf8 Bd7 23. Qh3+ Kf6 24. Nxd7+ Kf7 25. Qe6#
1-0

[Event "European Cities & Towns Chess Championship - Women"]
[Site "Central Europe"]
[Date "2023.01.29"]
[Round "7.6.4"]
[White "Miltiadou, Danai"]
[Black "Vlahopoulou, Valeria"]
[Result "0-1"]
[WhiteElo "1000"]
[BlackElo "1000"]
[BlackTeam "Corfu, Greece"]
[WhiteCountry "CY"]
[WhiteFideId "5906865"]
[WhiteTeam "Nicosia"]

1. e4 e5 2. Nf3 Nc6 3. Bc4 Bc5 4. d3 Nf6 5. Bg5 d6 6. Nc3 Bg4 7. h3 Bh5 8.
 Nd5 Nd4 9. c3 Nxf3+ 10. gxf3 c6 11. Ne3 h6 12. Bh4 g5 13. Bg3 Qb6 14. b4 
Bxe3 15. fxe3 O-O-O 16. d4 Rhe8 17. Be2 d5 18. Bxe5 Nd7 19. exd5 Nxe5 20. 
dxe5 Rxd5 21. Qb3 Rexe5 22. O-O Qxe3+ 23. Rf2 Rd2 24. Re1 Bxf3 25. Qxf7 
Bxe2 26. Qf8+ Re8 27. Qf5+ Re6 28. Qf8+ Re8 29. Qf5+ Kc7 30. Qf7+ Re7 31. 
Qg6 Qg3+ 32. Rg2 Qxe1+ 33. Kh2 Bf3 34. Rxd2 Qxd2+ 35. Kg3 Qg2# 0-1

[Event "European Cities & Towns Chess Championship - Women"]
[Site "Central Europe"]
[Date "2023.01.29"]
[Round "8.1.1"]
[White "Stefanidi, Maria-Anna"]
[Black "Unuk, Laura"]
[Result "0-1"]
[WhiteElo "1955"]
[BlackElo "2296"]
[BlackCountry "SI"]
[BlackFideId "14609215"]
[BlackTeam "Ljubljana Women"]
[BlackTitle "IM"]
[WhiteCountry "GR"]
[WhiteFideId "4207750"]
[WhiteTeam "Kallithea - Athens"]
[WhiteTitle "WFM"]

1. e4 c6 2. d4 d5 3. Nc3 dxe4 4. Nxe4 Nf6 5. Nxf6+ exf6 6. Be3 Bd6 7. Qd2 
O-O 8. O-O-O a5 9. Be2 a4 10. g4 Be6 11. Kb1 Na6 12. h4 Nb4 13. a3 Nd5 14.
 Nh3 b5 15. Nf4 Bxf4 16. Bxf4 Nxf4 17. Qxf4 Qd5 18. Bd3 Rfd8 19. h5 Qa2+ 
20. Kc1 Qa1+ 21. Kd2 Qxb2 22. Qe4 Qxd4 23. Qxh7+ Kf8 24. Qh8+ Ke7 25. Qxg7
Qf4+ 26. Ke1 Rg8 27. Qh7 Rxg4 28. Rd2 Rag8 29. Rf1 Rg1 30. h6 R8g5 31. Be2
Rxf1+ 32. Bxf1 Re5+ 33. Kd1 Bg4+ 34. Be2 Qxf2 35. Qd3 Qf1# 0-1

[Event "European Cities & Towns Chess Championship - Women"]
[Site "Central Europe"]
[Date "2023.01.29"]
[Round "8.1.2"]
[White "Urh, Zala"]
[Black "Tsouba, Maria"]
[Result "1/2-1/2"]
[WhiteElo "2282"]
[BlackElo "1672"]
[BlackCountry "GR"]
[BlackFideId "4231643"]
[BlackTeam "Kallithea - Athens"]
[WhiteCountry "SI"]
[WhiteFideId "14611481"]
[WhiteTeam "Ljubljana Women"]
[WhiteTitle "WIM"]

1. d4 Nf6 2. Nf3 e6 3. Bf4 c5 4. e3 Nc6 5. Nbd2 Be7 6. c3 O-O 7. Bd3 b6 8.
 O-O Bb7 9. h3 d6 10. Bh2 Qd7 11. Qe2 Rfe8 12. Rfd1 Bf8 13. a4 a5 14. Nc4 
Qd8 15. dxc5 bxc5 16. Bxd6 Kh8 17. Bxf8 Rxf8 18. Bxh7 Qc7 19. Bc2 Rfd8 20.
 Ng5 Kg8 21. Ne4 Nxe4 22. Bxe4 f5 23. Bf3 Ba6 24. b3 Rab8 25. Rxd8+ Rxd8 
26. Rd1 Ne5 27. Rxd8+ Qxd8 28. Qd2 Qf6 29. Nxe5 Qxe5 30. Qd8+ Kh7 31. Qxa5
Bd3 32. Qd8 Qxc3 33. Qd6 Qxb3 34. Qxc5 Qxa4 35. Qe5 Bc4 36. e4 Qc2 37. 
exf5 exf5 38. Kh2 Bd3 39. Qe3 g6 40. g3 Be4 41. Kg2 Bxf3+ 42. Qxf3 Qd2 43.
 Qe3 Qd5+ 44. Kh2 Qa2 45. h4 Qc2 46. Qf4 Qa2 47. Qd4 Qc2 48. Qa7+ Kh6 49. 
Qe3+ Kh7 50. Kg2 Qc6+ 51. Kg1 Qc2 52. Qd4 Qb1+ 53. Kh2 Qc2 54. Qb6 Qe2 55.
 Qe3 Qc2 1/2-1/2

[Event "European Cities & Towns Chess Championship - Women"]
[Site "Central Europe"]
[Date "2023.01.29"]
[Round "8.1.3"]
[White "Zarkada, Athina"]
[Black "Vidic, Teja"]
[Result "0-1"]
[WhiteElo "1219"]
[BlackElo "2138"]
[BlackCountry "SI"]
[BlackFideId "14605511"]
[BlackTeam "Ljubljana Women"]
[BlackTitle "WIM"]
[WhiteCountry "GR"]
[WhiteFideId "25890239"]
[WhiteTeam "Kallithea - Athens"]

1. e4 e5 2. Nf3 Nc6 3. Bb5 a6 4. Ba4 b5 5. Bb3 g6 6. c3 Bg7 7. O-O Nge7 8.
 d4 exd4 9. cxd4 d6 10. h3 O-O 11. Nc3 h6 12. Bf4 g5 13. Be3 Na5 14. Bc2 
Nc4 15. b3 Nxe3 16. fxe3 c5 17. Qd3 Ng6 18. Rad1 Bb7 19. Nd5 Rc8 20. Nh2 
Bxd5 21. exd5 cxd4 22. exd4 Qc7 23. Rd2 Qc3 24. Nf3 Qxd3 25. Bxd3 Nf4 26. 
Be4 Rc3 27. Ne1 Bxd4+ 28. Kh1 Be3 29. Rc2 Rfc8 30. Kh2 Rxc2 31. Nxc2 Bb6 
32. Re1 Rc3 33. Nb4 a5 34. Nc6 Bf2 35. Rd1 a4 36. bxa4 bxa4 37. Ne7+ Kf8 
38. Nc6 a3 39. Rb1 Kg7 40. Ne7 Kf6 41. Nc6 Bg3+ 42. Kg1 Nd3 43. Rf1+ Kg7 
44. Ne7 Be5 45. Nf5+ Kf8 46. Rd1 Rc1 47. Rxc1 Nxc1 48. Nxh6 Nxa2 49. Bb1 
Nc3 50. Ng4 Nxb1 51. Nxe5 dxe5 52. Kf2 a2 53. d6 a1=Q 0-1

[Event "European Cities & Towns Chess Championship - Women"]
[Site "Central Europe"]
[Date "2023.01.29"]
[Round "8.1.4"]
[White "Rozman, Monika"]
[Black "Giannakopoulou, Sotiria"]
[Result "1-0"]
[WhiteElo "2125"]
[BlackElo "1000"]
[BlackCountry "GR"]
[BlackFideId "25883763"]
[BlackTeam "Kallithea - Athens"]
[WhiteCountry "SI"]
[WhiteFideId "14609118"]
[WhiteTeam "Ljubljana Women"]
[WhiteTitle "WFM"]

1. e4 e5 2. Nf3 Nc6 3. Bc4 Bc5 4. c3 Nf6 5. d3 O-O 6. O-O d6 7. Bb3 Bg4 8.
 h3 Bxf3 9. Qxf3 Qd7 10. Nd2 Rac8 11. Re1 b5 12. Nf1 a5 13. Ng3 a4 14. Bc2
Ne7 15. Bg5 Ne8 16. Bxe7 Qxe7 17. Rad1 h6 18. d4 exd4 19. cxd4 Bb4 20. Re3
Nf6 21. e5 Nd7 22. Nf5 Qd8 23. Nxh6+ gxh6 24. Qf5 Re8 25. Qh7+ Kf8 26. 
Qxh6+ Ke7 27. exd6# 1-0

[Event "European Cities & Towns Chess Championship - Women"]
[Site "Central Europe"]
[Date "2023.01.29"]
[Round "8.2.1"]
[White "Lehaci, Miruna-Daria"]
[Black "Houska, Jovanka"]
[Result "0-1"]
[WhiteElo "2154"]
[BlackElo "2338"]
[BlackCountry "GB"]
[BlackFideId "405094"]
[BlackTeam "London Women"]
[BlackTitle "IM"]
[WhiteCountry "RO"]
[WhiteFideId "1234765"]
[WhiteTeam "Iasi"]
[WhiteTitle "WIM"]

1. e4 c6 2. Nc3 d5 3. Nf3 Bg4 4. h3 Bxf3 5. Qxf3 e6 6. Be2 g6 7. O-O Bg7 
8. exd5 cxd5 9. Qg3 Nc6 10. Nb5 Kf8 11. c3 a6 12. Na3 d4 13. Rd1 Nge7 14. 
c4 Nf5 15. Qb3 Qe7 16. d3 h5 17. Nc2 Be5 18. c5 Qxc5 19. Bd2 Kg7 20. Rac1 
Qe7 21. Nb4 Nxb4 22. Bxb4 Bd6 23. Ba5 Rac8 24. Bf3 b5 25. Be4 h4 26. Bb6 
Rxc1 27. Rxc1 Qg5 28. Rc6 Qd2 29. Rxd6 Qc1+ 30. Kh2 Qf4+ 31. Kg1 Qxd6 32. 
Ba5 Rc8 33. Bd2 Qc7 34. Bxf5 exf5 35. Qd5 Qc5 36. Qf3 Qe5 37. Qb7 Rc2 38. 
Bg5 Rxb2 39. f4 Qe3+ 40. Kh2 Qg3+ 41. Kh1 Rb1# 0-1

[Event "European Cities & Towns Chess Championship - Women"]
[Site "Central Europe"]
[Date "2023.01.29"]
[Round "8.2.2"]
[White "Yao, Lan"]
[Black "Obada, Ema"]
[Result "1-0"]
[WhiteElo "2271"]
[BlackElo "2106"]
[BlackCountry "RO"]
[BlackFideId "1234803"]
[BlackTeam "Iasi"]
[BlackTitle "WCM"]
[WhiteCountry "GB"]
[WhiteFideId "8610835"]
[WhiteTeam "London Women"]
[WhiteTitle "WIM"]

1. e4 e6 2. d4 d5 3. Nc3 Bb4 4. e5 c5 5. Bd2 Ne7 6. Nb5 Bxd2+ 7. Qxd2 O-O 
8. f4 a6 9. Nd6 cxd4 10. Nf3 Nbc6 11. Bd3 Qb6 12. O-O g6 13. Qf2 Bd7 14. 
Qh4 Kg7 15. Qf6+ Kg8 16. Ng5 Be8 17. Nxh7 Kxh7 18. Rf3 1-0

[Event "European Cities & Towns Chess Championship - Women"]
[Site "Central Europe"]
[Date "2023.01.29"]
[Round "8.2.3"]
[White "Andries, Alexia"]
[Black "Toma, Katarzyna"]
[Result "0-1"]
[WhiteElo "1567"]
[BlackElo "2232"]
[BlackCountry "GB"]
[BlackFideId "1119907"]
[BlackTeam "London Women"]
[BlackTitle "WGM"]
[WhiteCountry "RO"]
[WhiteFideId "1267272"]
[WhiteTeam "Iasi"]

1. d4 Nf6 2. c4 g6 3. Nc3 d5 4. cxd5 Nxd5 5. e4 Nxc3 6. bxc3 Bg7 7. Nf3 c5
8. h3 O-O 9. Be3 Qa5 10. Qd2 Nc6 11. Be2 Rd8 12. Rd1 Be6 13. O-O cxd4 14. 
cxd4 Bxa2 15. Qxa5 Nxa5 16. Ra1 Bc4 17. Bxc4 Nxc4 18. Rab1 b6 19. Rfc1 
Nxe3 20. fxe3 Rac8 21. Nd2 Bh6 22. Kf2 e6 23. Ra1 Rxc1 24. Rxc1 Bf8 25. 
Rc7 a5 26. Rb7 Rc8 27. Rxb6 Rc2 28. Ke2 Bb4 29. Rb5 Rxd2+ 30. Kf3 Kg7 31. 
d5 Kf6 32. g4 Ke5 33. dxe6+ Kxe6 34. Rb8 Bd6 35. Ra8 Ra2 36. Ra6 a4 37. h4
a3 38. e5 Kxe5 39. Ra5+ Ke6 40. Ke4 Rh2 41. h5 gxh5 42. gxh5 a2 43. h6 f6 
44. Ra6 Rd2 45. Kf3 Kf7 46. Ra7+ Kg6 47. Rg7+ Kxh6 48. Rg1 Be5 49. Rh1+ 
Kg7 50. Rg1+ Kf7 51. Ke4 a1=Q 52. Rxa1 Bxa1 53. Kf3 h5 54. e4 Kg6 55. Kf4 
Rg2 56. Kf3 Rg5 57. Kf4 h4 58. Kf3 h3 0-1

[Event "European Cities & Towns Chess Championship - Women"]
[Site "Central Europe"]
[Date "2023.01.29"]
[Round "8.2.4"]
[White "Hryshchenko, Kamila"]
[Black "Cretu, Sofia"]
[Result "1-0"]
[WhiteElo "2139"]
[BlackElo "1221"]
[BlackCountry "RO"]
[BlackFideId "1283790"]
[BlackTeam "Iasi"]
[WhiteCountry "GB"]
[WhiteFideId "14147491"]
[WhiteTeam "London Women"]

1. e4 c5 2. Nf3 d6 3. d3 Nf6 4. c3 g6 5. g3 Bg7 6. Bg2 O-O 7. O-O Nc6 8. 
Re1 Be6 9. Na3 Qc7 10. Bf4 Qd7 11. Ng5 a6 12. Nxe6 Qxe6 13. d4 cxd4 14. 
cxd4 Qd7 15. Nc2 Rac8 16. Bd2 Ne8 17. Bc3 Nf6 18. Qe2 Rfd8 19. Rad1 e6 20.
 Bh3 b5 21. d5 Ne7 22. dxe6 fxe6 23. Nd4 Kh8 24. Bxe6 Qc7 25. Bxc8 Qxc8 
26. Ba5 Re8 27. Rc1 Qh3 28. Qf1 Qxf1+ 29. Kxf1 Ng4 30. Nf3 Bxb2 31. Rc2 
Bg7 32. h3 Nf6 33. Ng5 Kg8 34. Rc7 Kf8 35. Ne6+ Kg8 36. Nxg7 Kxg7 37. e5 
dxe5 38. Rxe5 Nd5 39. Rxd5 Kg8 40. Re5 Kf7 41. Bb4 Kg8 42. Rexe7 Rxe7 43. 
Rxe7 Kh8 44. Ke2 Kg8 45. Ke3 Kh8 46. Kf4 Kg8 47. Kg5 Kh8 48. Kh6 Kg8 49. 
Rg7+ Kh8 50. Rf7 Kg8 51. Rf8# 1-0

[Event "European Cities & Towns Chess Championship - Women"]
[Site "Central Europe"]
[Date "2023.01.29"]
[Round "8.3.1"]
[White "Can, Isil"]
[Black "Cvitan, Ena"]
[Result "0-1"]
[WhiteElo "2007"]
[BlackElo "2301"]
[BlackCountry "HR"]
[BlackFideId "14534215"]
[BlackTeam "Rijeka"]
[BlackTitle "FM"]
[Termination "time forfeit"]
[WhiteCountry "TR"]
[WhiteFideId "34505733"]
[WhiteTeam "Istanbul"]
[WhiteTitle "WCM"]

1. e4 c6 2. d4 d5 3. exd5 cxd5 4. Bd3 Nc6 5. c3 Nf6 6. Bf4 Bg4 7. Qb3 Qc8 
8. a4 e6 9. a5 a6 10. Nd2 Be7 11. Ngf3 Bh5 12. O-O Bg6 13. Be2 h6 14. Ne5 
Nxe5 15. dxe5 Nd7 16. c4 d4 17. Qa4 O-O 18. b4 Qc7 19. Bf3 Nxe5 20. Bxe5 
Qxe5 21. Bxb7 Rab8 22. Bxa6 Bxb4 23. Nf3 Qd6 24. Bb5 Bc3 25. Rac1 Be4 26. 
a6 Rfc8 27. Qd1 Qc5 28. Qe2 Ba8 29. Nd2 Qg5 30. Ne4 Qg6 31. f3 Bb4 32. Qb2
f5 33. Qxb4 fxe4 34. fxe4 Qxe4 35. Qd2 d3 36. Rf4 Qe5 37. Rcf1 Qc5+ 38. 
Qf2 Qxf2+ 39. R4xf2 e5 40. Re1 e4 41. Rd2 Rf8 42. Re3 Rf6 0-1

[Event "European Cities & Towns Chess Championship - Women"]
[Site "Central Europe"]
[Date "2023.01.29"]
[Round "8.3.2"]
[White "Vujnovic, Patricija"]
[Black "Onur, Cigdem"]
[Result "1/2-1/2"]
[WhiteElo "2130"]
[BlackElo "1922"]
[BlackCountry "TR"]
[BlackFideId "6346030"]
[BlackTeam "Istanbul"]
[BlackTitle "WCM"]
[WhiteCountry "HR"]
[WhiteFideId "14502313"]
[WhiteTeam "Rijeka"]
[WhiteTitle "WFM"]

1. d4 d5 2. Nf3 Nf6 3. Bf4 c5 4. e3 Nc6 5. c3 Qb6 6. Qc2 g6 7. Nbd2 Bf5 8.
 Qc1 Bg7 9. Be2 O-O 10. O-O Rac8 11. dxc5 Qxc5 12. Nb3 Qb6 13. Nfd4 Bg4 
14. Bxg4 Nxg4 15. Qd1 Nf6 16. h3 Rfd8 17. Qe2 Ne4 18. Rfd1 Ne5 19. Bxe5 
Bxe5 20. Nf3 Bg7 21. Nbd4 e5 22. Nb3 Rd6 23. Nfd2 Ng5 24. c4 dxc4 25. Nxc4
Rxd1+ 26. Rxd1 Qa6 27. Nbd2 Ne6 28. Qf3 Rxc4 29. Nxc4 Qxc4 30. Qxb7 Bf6 
31. Rd7 Nc5 32. Qc8+ Kg7 33. Rc7 Qc1+ 34. Kh2 Qxb2 35. Rxc5 Qxf2 36. Rc2 
Qxe3 37. Qc3 Qf4+ 38. Qg3 Qa4 39. Qb3 Qd4 40. Qc3 Qf4+ 41. Qg3 Qa4 42. Qb3
Qd4 43. Qc3 Qd6 1/2-1/2

[Event "European Cities & Towns Chess Championship - Women"]
[Site "Central Europe"]
[Date "2023.01.29"]
[Round "8.3.3"]
[White "Hereklioglu, Sude"]
[Black "Berke, Ana"]
[Result "1-0"]
[WhiteElo "1911"]
[BlackElo "2108"]
[BlackCountry "HR"]
[BlackFideId "14510359"]
[BlackTeam "Rijeka"]
[BlackTitle "WIM"]
[WhiteCountry "TR"]
[WhiteFideId "6359531"]
[WhiteTeam "Istanbul"]
[WhiteTitle "WFM"]

1. Nf3 c5 2. c4 Nc6 3. Nc3 d6 4. g3 e5 5. Bg2 g6 6. d3 Bg7 7. O-O Nge7 8. 
e4 O-O 9. Nd5 Nd4 10. Nxd4 cxd4 11. b4 Be6 12. a4 f5 13. Bg5 Bxd5 14. exd5
h6 15. Bxe7 Qxe7 16. Qe2 f4 17. Be4 Qf6 18. Qg4 Kh7 19. f3 Qg5 20. Qxg5 
hxg5 21. Kg2 Rfc8 22. h4 gxh4 23. gxh4 Kh6 24. Rg1 Bf6 25. Kh3 Rg8 26. c5 
Be7 27. c6 b6 28. b5 Bd8 29. Rg4 g5 30. Rag1 a6 31. hxg5+ Kg7 32. Rh4 axb5
33. Rh7+ Kf8 34. axb5 Bxg5 35. c7 Bf6 36. Rxg8+ Kxg8 37. Bf5 Bd8 38. 
cxd8=Q+ Rxd8 39. Rb7 Rf8 40. Be4 Rf6 41. Rxb6 Kg7 42. Rb7+ Kh6 43. Rh7+ 
Kg5 44. b6 Rf8 45. b7 Rb8 46. Rd7 Kh5 47. Bf5 Kg5 48. Bg4 Rh8+ 49. Kg2 Rb8
50. Rg7+ Kf6 51. Rh7 Kg6 52. Rd7 Kg5 53. Re7 Kf6 54. Rc7 Kg5 55. Bc8 e4 
56. fxe4 Kf6 57. Kf3 Ke5 58. Rc6 1-0

[Event "European Cities & Towns Chess Championship - Women"]
[Site "Central Europe"]
[Date "2023.01.29"]
[Round "8.3.4"]
[White "Kukic, Lora"]
[Black "Mustu, Hatice Asli"]
[Result "0-1"]
[WhiteElo "1945"]
[BlackElo "1903"]
[BlackCountry "TR"]
[BlackFideId "34576843"]
[BlackTeam "Istanbul"]
[WhiteCountry "HR"]
[WhiteFideId "14520699"]
[WhiteTeam "Rijeka"]

1. d4 Nf6 2. c4 e6 3. Nf3 d5 4. g3 dxc4 5. Bg2 Bd7 6. Ne5 Bc6 7. Nxc6 Nxc6
8. Qa4 Qd7 9. Bxc6 bxc6 10. Qxc4 Qd5 11. Qxd5 cxd5 12. O-O c5 13. dxc5 
Bxc5 14. Nc3 O-O 15. Bf4 Bd4 16. Rac1 Rac8 17. Na4 h6 18. e3 e5 19. exd4 
exf4 20. f3 fxg3 21. hxg3 Rb8 22. b3 Rb4 23. Rfd1 Rb7 24. Kf2 g5 25. Rc6 
Kg7 26. Nc5 Re7 27. Nd3 Rfe8 28. Ne5 Nh7 29. Rd2 Nf6 30. Rdc2 Nd7 31. f4 
gxf4 32. gxf4 f6 33. Nxd7 Rxd7 34. Rc7 Ree7 35. Rxd7 Rxd7 36. Kf3 Kg6 37. 
Rg2+ Kf5 38. Rh2 Kg6 39. Kg4 f5+ 40. Kf3 Rc7 41. Re2 Kh5 42. Re5 Rc3+ 43. 
Kg2 Kg4 44. Rxd5 Kxf4 45. Rc5 Rd3 46. d5 h5 47. Rc4+ Ke3 48. Kg3 Rxd5 49. 
Rc3+ Rd3 50. Rc7 f4+ 51. Kg2 f3+ 52. Kg3 Ke2 53. Re7+ Kf1 54. Rf7 f2+ 55. 
Kh4 Ke2 56. Re7+ Re3 57. Rf7 f1=Q 0-1

[Event "European Cities & Towns Chess Championship - Women"]
[Site "Central Europe"]
[Date "2023.01.29"]
[Round "8.4.1"]
[White "Avramidou, Anastasia"]
[Black "Pica, Eleni"]
[Result "1-0"]
[WhiteElo "2321"]
[BlackElo "1048"]
[BlackCountry "CY"]
[BlackFideId "5910005"]
[BlackTeam "Nicosia"]
[WhiteCountry "GR"]
[WhiteFideId "4239873"]
[WhiteTeam "Thessaloniki"]
[WhiteTitle "FM"]

1. d4 d5 2. c4 e6 3. Nc3 Nf6 4. cxd5 exd5 5. Bg5 Be7 6. e3 Bf5 7. Qb3 b6 
8. Bxf6 Bxf6 9. Qxd5 Qxd5 10. Nxd5 Bd8 11. Rc1 c6 12. Nc3 O-O 13. Nf3 Be7 
14. Be2 c5 15. Nd5 Bd6 16. dxc5 bxc5 17. O-O Nd7 18. Rfd1 Ne5 19. Nxe5 
Bxe5 20. Ne7+ Kh8 21. Nxf5 Bxb2 22. Rxc5 g6 23. Nd6 Kg7 24. h4 Rad8 25. 
Rcd5 Ba3 26. Nf5+ gxf5 27. Rxd8 Rxd8 28. Rxd8 Be7 29. Ra8 Bxh4 30. Rxa7 
Bf6 31. Bc4 Kg6 32. Rxf7 Bc3 33. Rb7 Kf6 34. a4 Ke5 35. a5 Kd6 36. a6 Kc6 
37. Rb3 Ba5 38. a7 Bb6 39. a8=Q+ Kc7 40. Bd5 Kd7 41. Qc6+ Ke7 42. Qe6+ Kd8
43. Bc6 Kc7 44. Qd7+ Kb8 45. Qb7# 1-0

[Event "European Cities & Towns Chess Championship - Women"]
[Site "Central Europe"]
[Date "2023.01.29"]
[Round "8.4.2"]
[White "Antoniou, Evalena"]
[Black "Grapsa, Georgia"]
[Result "0-1"]
[WhiteElo "1000"]
[BlackElo "1989"]
[BlackCountry "GR"]
[BlackFideId "4206436"]
[BlackTeam "Thessaloniki"]
[BlackTitle "WFM"]
[WhiteCountry "CY"]
[WhiteFideId "5908744"]
[WhiteTeam "Nicosia"]

1. e4 c5 2. Nf3 d6 3. Bc4 e6 4. O-O Nf6 5. Nc3 Be7 6. d3 a6 7. Bg5 b5 8. 
Bb3 O-O 9. Qe2 Bb7 10. Qd2 Nc6 11. d4 c4 12. Bxc4 bxc4 13. d5 Ne5 14. Nxe5
dxe5 15. dxe6 Qxd2 16. Bxd2 fxe6 17. Rae1 Bc5 18. Be3 Bd4 19. Nd1 Nxe4 20.
 c3 Bxe3 21. Nxe3 Nd2 22. Nxc4 Nxc4 23. b3 Nd2 24. Rd1 Nxf1 25. Rxf1 Rad8 
26. c4 e4 27. f3 exf3 28. gxf3 Rxf3 29. Kg2 Rxf1+ 30. Kxf1 Rd2 31. Ke1 
Rxh2 32. Kf1 Kf7 33. Ke1 e5 34. Kd1 Ke6 35. b4 e4 36. c5 Kd5 37. a3 Kc4 
38. c6 Bxc6 39. Ke1 Kd3 40. Kd1 e3 41. Ke1 Rh1# 0-1

[Event "European Cities & Towns Chess Championship - Women"]
[Site "Central Europe"]
[Date "2023.01.29"]
[Round "8.4.3"]
[White "Drakaki, Anna-Maria"]
[Black "Drakoularakou, Evangelia"]
[Result "1-0"]
[WhiteElo "1941"]
[BlackElo "1000"]
[BlackTeam "Nicosia"]
[WhiteCountry "GR"]
[WhiteFideId "4225210"]
[WhiteTeam "Thessaloniki"]

1. d4 d5 2. c4 c5 3. dxc5 dxc4 4. Qxd8+ Kxd8 5. Nd2 b6 6. cxb6 axb6 7. 
Nxc4 Ra6 8. e4 g5 9. Bxg5 h6 10. Be3 Nf6 11. e5 Nd5 12. O-O-O Bg7 13. 
Rxd5+ Bd7 14. Nxb6 Kc7 15. Bxa6 Nxa6 16. Rxd7+ Kc6 17. Nf3 Rb8 18. Rxe7 
Rb7 19. Rxb7 Kxb7 20. Rd1 Kc7 21. Rd7+ Kc6 22. Rxf7 Bh8 23. e6 Nc7 24. 
Rxc7+ Kxc7 25. e7 Bf6 26. e8=Q Kb7 27. Qc8+ Ka7 28. Qa8# 1-0